000 00654cab a2200193 4500
001 ##L133702
008 060605n2006 000 0 eng u
035 _a(Sirsi) u133702
041 0 _aeng
100 1 _aRattenbury, Kester
245 0 0 _aHome rules
260 _c2006
490 0 _aRIBA Journal
_v113(6) June 2006, 32-40(8)
520 _aReports on the design and architecture of the Accordia housing development in Cambridge which uses a variety of styles and materials. Includes site layout plans, building plans and brief costings.
590 _aIKA060606
651 4 _aCAMBRIDGE
690 _aBUILT ENVIRONMENT-BUILDING COSTS
942 _n0
999 _c77164
_d77164